| 000 | 00634nam a2200217 a 4500 | ||
|---|---|---|---|
| 001 | 2530 | ||
| 003 | UkOxU | ||
| 005 | 20211208233555.0 | ||
| 008 | 131211s1964 enk b 001 0 eng | ||
| 035 | _a65-31404 | ||
| 040 |
_aDLC _cFXG _beng |
||
| 041 | _aeng | ||
| 082 |
_219 _a339.0724 _bKUM |
||
| 100 | 1 |
_aKurihara, Kenneth K. _98180 |
|
| 245 | 1 | 0 |
_aMacroeconomics and programming / _c[by] Kenneth K. Kurihara |
| 260 |
_aLondon : _bAllen & Unwin, _cc1964. |
||
| 300 |
_a100 p. ; _c23 cm. |
||
| 504 | _aIncludes bibliographical references (p. 94-95) and index. | ||
| 650 | 0 |
_aMacroeconomics _xMathematical models. _97688 |
|
| 942 |
_2ddc _cBK |
||
| 999 |
_c2530 _d2530 |
||